000 00546nam a22001937a 4500
003 NUST - PNEC
005 20170116180818.0
008 150610b xxu||||| |||| 00| 0 eng d
020 _a0023063912
040 _cLIBRARY
082 _a510 BAR
100 _93846
_aBarnett, Raymond
245 _aFinite mathematics for management, life, and social sciences
_cRaymond A. Barnett
250 _a4th ed
260 _aLondon
_bCollier Macmillan Publishers
_cc1987.
300 _aVarious Pages
650 _93847
_aMathematics
_xME
942 _2ddc
_cBK
999 _c63608
_d63608